000 00602nam a2200193 i 4500
001 128479
003 ES-MaACL
005 20230906193309.0
007 t|
008 070514s1962 ag ||||1| spa d
080 _a341.232.3(4):061.1
100 1 _aTagliamonte, Francesco.
_9109068
245 1 0 _aEsto es el Mercado Común /
_cpor Francesco Tagliamonte ; traducción de Domingo Pruna.
260 _aBuenos Aires :
_bPlaza & Janés,
_c[1962]
300 _a178 p. ;
_c19 cm.
610 2 7 _aMercado Común Europeo.
_95683
700 1 _aPruna, Domingo.
_994081
852 _aES-MaACL
_jC-22395
_bR.50907
999 _c128479
_d128479